El cristianismo en el cotidiano.
Saved in:
| Hovedforfatter: | |
|---|---|
| Format: | Ukendt |
| Sprog: | engelsk |
| Udgivet: |
Bogotá, D.C., Colombia:
Pontificia Universidad Javeriana,
2014.
|
| Udgivelse: | Primera edición. |
| Fag: | |
| Tags: |
Tilføj Tag
Ingen Tags, Vær først til at tagge denne postø!
|
MARC
| LEADER | 00000 a2200000 4500 | ||
|---|---|---|---|
| 003 | CL-VaPUC | ||
| 005 | 20230425162758.0 | ||
| 008 | 230417t2018 ||||| |||| 00| 0 eng d | ||
| 999 | |c 439691 |d 439689 | ||
| 020 | |a 978-958-781-184-1 | ||
| 040 | |c Pontificia Universidad Católica de Valparaíso | ||
| 082 | |2 22 |a 261.8 NOV 2018 | ||
| 100 | |a Novoa Matallana, Carlos, |c Sacerdote Jesuita (S.J.) |e autor |9 879265 | ||
| 245 | |a El cristianismo en el cotidiano. | ||
| 250 | |a Primera edición. | ||
| 260 | |a Bogotá, D.C., Colombia: |b Pontificia Universidad Javeriana, |c 2014. | ||
| 300 | |a 204 páginas. | ||
| 583 | |k GC |c 20230417 | ||
| 650 | 0 | |9 372024 |a Conflictos sociales |v Artículos de prensa |x Aspectos religiosos |x Cristianismo | |
| 650 | 0 | |9 258265 |a Conflictos políticos |v Artículos de prensa |x Perspectiva cristiana | |
| 942 | |2 ddc |c BK | ||
| 952 | |0 0 |1 0 |2 ddc |4 0 |6 261_800000000000000_NOV_2018 |7 0 |8 A |9 589473 |a BIBTEO |b BIBTEO |c GEN |d 2023-04-05 |e 178 |g 7983.53 |i 5657001 |o 261.8 NOV 2018 |p 5657001 |r 2025-01-17 |t 1 |v 7983.53 |w 2023-04-05 |y BK |k ICR | ||